[Event "CAN-op"]
[Site "Montreal CAN"]
[Date "2014.07.22"]
[Round "5"]
[White "Chiku-Ratte, Olivier-Kenta"]
[Black "Perez, Rodney"]
[Result "1/2-1/2"]
[WhiteElo "2190"]
[BlackElo "2357"]
[PlyCount "27"]
[EventDate "2014.07.19"]
[EventType "swiss"]
[EventRounds "9"]
[EventCountry "CAN"]

1. d4 d5 2. c4 c6 3. Nf3 Nf6 4. Nc3 dxc4 5. a4 e6 6. e3 c5 7. Bxc4 cxd4 8. exd4
Be7 9. O-O O-O 10. Qe2 Nc6 11. Rd1 Nd5 12. Qe4 Nf6 13. Qh4 Nd5 14. Qe4 1/2-1/2

[Event "CAN-op"]
[Site "Montreal CAN"]
[Date "2014.07.23"]
[Round "6"]
[White "Perez Rodriguez, Luis Manuel"]
[Black "Chiku-Ratte, Olivier-Kenta"]
[Result "1-0"]
[WhiteElo "2387"]
[BlackElo "2190"]
[PlyCount "85"]
[EventDate "2014.07.19"]
[EventType "swiss"]
[EventRounds "9"]
[EventCountry "CAN"]

1. e4 c5 2. c3 Nf6 3. e5 Nd5 4. d4 cxd4 5. Nf3 Nc6 6. Bc4 Nb6 7. Bb3 g6 8. cxd4
Bg7 9. d5 Nxe5 10. Nxe5 Bxe5 11. Bh6 e6 12. Nc3 d6 13. Qd2 exd5 14. O-O Be6 15.
f4 Bf6 16. Rae1 Qd7 17. f5 gxf5 18. Rxf5 Be5 19. Rfxe5 dxe5 20. Qg5 e4 21. a4
Qe7 22. Qg7 O-O-O 23. Nb5 a6 24. Bg5 Qc5+ 25. Be3 Qb4 26. Rc1+ Nc4 27. Bxc4
dxc4 28. Na7+ Kb8 29. Qe5+ Ka8 30. Nb5 axb5 31. axb5 Qd6 32. Qxe4 Bd5 33. Ra1+
Kb8 34. Qd4 Kc8 35. Bf4 Qe6 36. Bg3 b6 37. Qf4 Kd7 38. Re1 Qxe1+ 39. Bxe1 Rhe8
40. Bh4 Rc8 41. Bg3 Rc5 42. Qd6+ Kc8 43. Qxb6 1-0

[Event "CAN-op"]
[Site "Montreal CAN"]
[Date "2014.07.24"]
[Round "7"]
[White "Chiku-Ratte, Olivier-Kenta"]
[Black "Humphreys, Michael"]
[Result "0-1"]
[WhiteElo "2190"]
[BlackElo "2129"]
[PlyCount "108"]
[EventDate "2014.07.19"]
[EventType "swiss"]
[EventRounds "9"]
[EventCountry "CAN"]

1. d4 Nf6 2. c4 e6 3. Nc3 Bb4 4. e3 O-O 5. Nge2 c6 6. a3 Ba5 7. Ng3 d5 8. cxd5
cxd5 9. Bd3 Nc6 10. O-O e5 11. dxe5 Bxc3 12. bxc3 Nxe5 13. a4 Qc7 14. Qc2 Bd7
15. Ne2 Rac8 16. Bd2 Nxd3 17. Qxd3 Qc4 18. Qxc4 Rxc4 19. a5 Ne4 20. Ra2 Bb5 21.
f3 Nxd2 22. Rxd2 Ra4 23. Rb1 Bc6 24. Nf4 Rxa5 25. Rbd1 Rc5 26. Nxd5 Bxd5 27.
Rxd5 Rxc3 28. Rd7 Rb3 29. Rc7 a5 30. Rdd7 a4 31. Rxb7 Rxb7 32. Rxb7 Ra8 33. Rb2
a3 34. Ra2 f5 35. Kf2 Kf7 36. Ke2 Ke6 37. Kd3 Kd5 38. Kc3 Kc5 39. Kb3 Kb5 40.
Kc3 Ka4 41. Ra1 Rb8 42. Ra2 Rc8+ 43. Kd4 Kb3 44. Ra1 Kb2 45. Re1 Rc1 46. Re2+
Rc2 47. Re1 a2 48. g3 Rxh2 49. e4 fxe4 50. fxe4 a1=Q 51. Rxa1 Kxa1 52. Ke3 Kb2
53. e5 Kc3 54. g4 Rh1 0-1

[Event "CAN-op"]
[Site "Montreal CAN"]
[Date "2014.07.25"]
[Round "8"]
[White "Tomb, Maroun"]
[Black "Chiku-Ratte, Olivier-Kenta"]
[Result "0-1"]
[WhiteElo "2147"]
[BlackElo "2190"]
[PlyCount "75"]
[EventDate "2014.07.19"]
[EventType "swiss"]
[EventRounds "9"]
[EventCountry "CAN"]

1. e4 c5 2. Nf3 d6 3. Bb5+ Bd7 4. Bxd7+ Qxd7 5. O-O Nc6 6. c4 Nf6 7. Nc3 g6 8.
d3 Bg7 9. h3 O-O 10. Bg5 Rfe8 11. Qd2 Qd8 12. Nh2 a6 13. f4 Qa5 14. Nf3 b5 15.
Rad1 Rab8 16. e5 dxe5 17. fxe5 Nd7 18. cxb5 axb5 19. e6 fxe6 20. Bh6 Bf6 21.
Qe2 e5 22. Qe4 Qc7 23. Nxb5 Qb7 24. Qc4+ Kh8 25. Qf7 Rg8 26. a4 Nd8 27. Qc4 g5
28. Nh2 Nb6 29. Qg4 Nf7 30. Qh5 Rg6 31. Ng4 Nd5 32. g3 Nxh6 33. Nxh6 Ne3 34.
Kf2 Nxd1+ 35. Rxd1 Rf8 36. Ng4 Bg7+ 37. Ke3 Qg2 38. Nc3 0-1

[Event "CAN-op"]
[Site "Montreal CAN"]
[Date "2014.07.26"]
[Round "9"]
[White "Chiku-Ratte, Olivier-Kenta"]
[Black "Masse, Hugues"]
[Result "1/2-1/2"]
[WhiteElo "2190"]
[BlackElo "2202"]
[PlyCount "103"]
[EventDate "2014.07.19"]
[EventType "swiss"]
[EventRounds "9"]
[EventCountry "CAN"]

1. d4 Nf6 2. c4 g6 3. Nc3 d5 4. cxd5 Nxd5 5. Bd2 Bg7 6. e4 Nxc3 7. Bxc3 O-O 8.
Qd2 c5 9. d5 e6 10. Bxg7 Kxg7 11. Bc4 Nd7 12. Ne2 Nb6 13. Bb3 Qh4 14. Nc3 exd5
15. Bxd5 Nxd5 16. Qxd5 Qe7 17. O-O-O Be6 18. Qe5+ f6 19. Qd6 Qxd6 20. Rxd6 Rad8
21. Rhd1 Rxd6 22. Rxd6 Kf7 23. Nd5 Re8 24. f3 Bxd5 25. Rxd5 b6 26. Kd2 Ke6 27.
g4 Re7 28. h4 h6 29. f4 Rd7 30. Rxd7 Kxd7 31. Kd3 Kd6 32. Kc4 a6 33. a4 Kc6 34.
e5 fxe5 35. f5 g5 36. hxg5 hxg5 37. f6 b5+ 38. axb5+ axb5+ 39. Kd3 Kd6 40. Ke4
Ke6 41. f7 Kxf7 42. Kxe5 c4 43. Kd5 Kf6 44. Kc5 Ke5 45. Kxb5 Kf4 46. Kxc4 Kxg4
47. b4 Kf3 48. b5 g4 49. b6 g3 50. b7 g2 51. b8=Q g1=Q 52. Qf8+ 1/2-1/2

[Event "CYCC U16"]
[Site "Montreal CAN"]
[Date "2014.07.15"]
[Round "1"]
[White "Chiku-Ratte, Olivier-Kenta"]
[Black "Ye, Hanyuan"]
[Result "1-0"]
[WhiteElo "2293"]
[BlackElo "1852"]
[PlyCount "37"]
[EventDate "2014.07.15"]
[EventType "swiss"]
[EventRounds "7"]
[EventCountry "CAN"]

1. d4 Nf6 2. c4 e6 3. Nc3 Bb4 4. e3 O-O 5. Nge2 Re8 6. a3 Bf8 7. g3 d6 8. Bg2
e5 9. O-O e4 10. f3 exf3 11. Bxf3 c6 12. e4 Qc7 13. Bf4 Be6 14. c5 Nfd7 15. Rc1
a6 16. Kg2 f6 17. d5 Bf7 18. cxd6 c5 19. dxc7 1-0

[Event "CYCC U16"]
[Site "Montreal CAN"]
[Date "2014.07.15"]
[Round "2"]
[White "Doknjas, John"]
[Black "Chiku-Ratte, Olivier-Kenta"]
[Result "0-1"]
[WhiteElo "2209"]
[BlackElo "2293"]
[PlyCount "168"]
[EventDate "2014.07.15"]
[EventType "swiss"]
[EventRounds "7"]
[EventCountry "CAN"]

1. d4 Nf6 2. c4 c5 3. d5 e6 4. Nc3 exd5 5. cxd5 d6 6. e4 g6 7. f4 Bg7 8. Bb5+
Nfd7 9. a4 O-O 10. Nf3 Re8 11. O-O a6 12. Be2 Qc7 13. e5 dxe5 14. d6 Qd8 15.
Bc4 Nb6 16. Ba2 Be6 17. Bxe6 Rxe6 18. fxe5 h6 19. Nd5 Nxd5 20. Qxd5 Nd7 21.
Qxb7 Rb8 22. Qxa6 Nxe5 23. Nxe5 Bxe5 24. Qa7 f5 25. Qc7 Rxd6 26. Qxd8+ Rdxd8
27. a5 Bd4+ 28. Kh1 Kg7 29. a6 Ra8 30. Rf3 Rd6 31. Rfa3 g5 32. g3 Rb6 33. R1a2
Kf6 34. Bd2 Rxb2 35. Rxb2 Bxb2 36. Bc3+ Bxc3 37. Rxc3 Rxa6 38. Rxc5 h5 39. Rc4
Rb6 40. h3 Ke5 41. Kg2 Rb2+ 42. Kg1 Rd2 43. Ra4 Rd4 44. Ra2 Ke4 45. Kf2 Ke5 46.
Ra5+ Rd5 47. Ra4 Rd2+ 48. Kg1 Kd5 49. Rb4 Ra2 50. Kh1 Rc2 51. Kg1 Rc4 52. Rb3
Ke4 53. Kf2 Rc2+ 54. Kg1 Rd2 55. Rb4+ Rd4 56. Rb5 Rd1+ 57. Kf2 Rd2+ 58. Kg1 Rd5
59. Rb4+ Rd4 60. Rb5 Rd5 61. Rb4+ Ke3 62. Rb3+ Rd3 63. Rb5 Ke4 64. Kf2 Rd2+ 65.
Kg1 h4 66. gxh4 gxh4 67. Rb4+ Rd4 68. Rb3 f4 69. Kf2 Rd2+ 70. Kf1 Rd3 71. Rb2
Rxh3 72. Rb4+ Kf3 73. Rb3+ Kg4 74. Rb2 Rh1+ 75. Kg2 Rd1 76. Rb3 Rd2+ 77. Kf1 h3
78. Kg1 f3 79. Rb8 f2+ 80. Kf1 h2 81. Rg8+ Kf5 82. Rf8+ Ke6 83. Rh8 Rd1+ 84.
Kxf2 h1=Q 0-1

[Event "CYCC U16"]
[Site "Montreal CAN"]
[Date "2014.07.16"]
[Round "4"]
[White "Plotkin, Mark"]
[Black "Chiku-Ratte, Olivier-Kenta"]
[Result "1/2-1/2"]
[WhiteElo "2254"]
[BlackElo "2278"]
[PlyCount "101"]
[EventDate "2014.07.15"]
[EventType "swiss"]
[EventRounds "7"]
[EventCountry "CAN"]

1. e4 c5 2. Nf3 d6 3. d4 cxd4 4. Nxd4 Nf6 5. Nc3 g6 6. f4 Nc6 7. Be2 Bg7 8. Be3
O-O 9. O-O Qb6 10. Qd3 Ng4 11. Bxg4 Bxd4 12. Bxd4 Qxd4+ 13. Qxd4 Nxd4 14. Bd1
Bd7 15. Nd5 Nc6 16. c3 Rac8 17. Ba4 Rfe8 18. Rfe1 Kg7 19. Rad1 Ne5 20. fxe5
Bxa4 21. Rd4 Bc6 22. exd6 exd6 23. Nb4 Re6 24. Nxc6 Rxc6 25. Kf2 Kf8 26. Ke3
Ke7 27. Ra4 a6 28. Rb4 Rc7 29. Kd3 Re5 30. Rd4 Rd7 31. Rd5 Ke6 32. Kd4 f5 33.
c4 Rxe4+ 34. Rxe4+ fxe4 35. Kxe4 Rf7 36. Rd2 Rf1 37. Kd4 Rc1 38. Re2+ Kd7 39.
Rf2 Ke7 40. Kd3 a5 41. b3 Rd1+ 42. Rd2 Rh1 43. g3 Rc1 44. Rc2 Rd1+ 45. Kc3 Rb1
46. a3 Ra1 47. Kb2 Re1 48. b4 axb4 49. axb4 Re3 50. Rc3 Re2+ 51. Rc2 1/2-1/2

[Event "CYCC U16"]
[Site "Montreal CAN"]
[Date "2014.07.17"]
[Round "5"]
[White "Chiku-Ratte, Olivier-Kenta"]
[Black "Yu, Zong Yang"]
[Result "1/2-1/2"]
[WhiteElo "2278"]
[BlackElo "2196"]
[PlyCount "55"]
[EventDate "2014.07.15"]
[EventType "swiss"]
[EventRounds "7"]
[EventCountry "CAN"]

1. d4 Nf6 2. c4 g6 3. Nc3 Bg7 4. e4 d6 5. f4 O-O 6. Nf3 c5 7. d5 b5 8. cxb5 a6
9. a4 e6 10. dxe6 Bxe6 11. Be2 axb5 12. Bxb5 d5 13. exd5 Nxd5 14. Nxd5 Bxd5 15.
O-O Nc6 16. Be3 c4 17. Bc5 Re8 18. Nd4 Qa5 19. Nf5 Red8 20. Nd6 Be6 21. Qe1 Qc7
22. Nxc4 Bxc4 23. Bxc4 Na5 24. Qb4 Bxb2 25. Bb6 Rdb8 26. Qxb2 Nxc4 27. Bxc7
Rxb2 28. Be5 1/2-1/2

[Event "CYCC U16"]
[Site "Montreal CAN"]
[Date "2014.07.17"]
[Round "6"]
[White "Wang, Richard"]
[Black "Chiku-Ratte, Olivier-Kenta"]
[Result "1/2-1/2"]
[WhiteElo "2477"]
[BlackElo "2293"]
[PlyCount "57"]
[EventDate "2014.07.15"]
[EventType "swiss"]
[EventRounds "7"]
[EventCountry "CAN"]

1. d4 Nf6 2. Nf3 c5 3. e3 b6 4. c4 Bb7 5. Nc3 e6 6. Bd3 cxd4 7. exd4 d6 8. O-O
Be7 9. Re1 O-O 10. a4 Nc6 11. d5 exd5 12. cxd5 Nb4 13. Bc4 Nd7 14. Bf4 Rc8 15.
Qe2 Re8 16. Rad1 Bf8 17. Qxe8 Qxe8 18. Rxe8 Rxe8 19. Bb5 Rd8 20. Rd4 a5 21. Nd2
Be7 22. Bxd7 Rxd7 23. Nc4 Bf6 24. Re4 Rd8 25. Nxd6 Bxd5 26. Re8+ Rxe8 27. Nxe8
Bxc3 28. bxc3 Nc6 29. Bc7 1/2-1/2

[Event "CYCC U16"]
[Site "Montreal CAN"]
[Date "2014.07.18"]
[Round "7"]
[White "Chiku-Ratte, Olivier-Kenta"]
[Black "Adriaanse, Adam"]
[Result "1-0"]
[WhiteElo "2278"]
[BlackElo "2147"]
[PlyCount "67"]
[EventDate "2014.07.15"]
[EventType "swiss"]
[EventRounds "7"]
[EventCountry "CAN"]

1. d4 Nf6 2. c4 e6 3. Nc3 Bb4 4. e3 b6 5. Nge2 Bb7 6. a3 Bxc3+ 7. Nxc3 O-O 8.
d5 d6 9. g3 c6 10. Bg2 cxd5 11. cxd5 Nbd7 12. O-O e5 13. e4 Rc8 14. f4 Ba6 15.
Rf2 exf4 16. Bxf4 Nc5 17. Bg5 Nd3 18. Rf5 Nxb2 19. Qf3 Qc7 20. Bxf6 gxf6 21.
Rh5 f5 22. Qxf5 f6 23. Bf1 Bxf1 24. Rxf1 Rf7 25. Ne2 Nc4 26. Qe6 Qc5+ 27. Kh1
Ne3 28. Rxh7 Kxh7 29. Qxf7+ Kh8 30. Qxf6+ Kg8 31. Qf7+ Kh8 32. Nf4 Rg8 33. Qh5+
Kg7 34. Ne6# 1-0

[Event "Choc des Generations"]
[Site "Montreal CAN"]
[Date "2014.06.27"]
[Round "1"]
[White "Lopez Linares, Lizandro"]
[Black "Chiku-Ratte, Olivier-Kenta"]
[Result "0-1"]
[WhiteElo "2188"]
[BlackElo "2274"]
[PlyCount "102"]
[EventDate "2014.06.27"]
[EventType "schev"]
[EventRounds "5"]
[EventCountry "CAN"]

1. d4 Nf6 2. Nf3 c5 3. c3 b6 4. Bg5 Ne4 5. Bh4 Bb7 6. Nbd2 Nxd2 7. Qxd2 d6 8.
d5 g6 9. e4 Bg7 10. Bd3 O-O 11. O-O Na6 12. Rfe1 Nc7 13. a4 Qd7 14. c4 e5 15.
dxe6 fxe6 16. Bg3 e5 17. Bc2 Qe7 18. a5 Ne6 19. Ra3 h6 20. Rd1 Rfd8 21. h3 Bc6
22. Bd3 Qb7 23. a6 Qe7 24. Nh2 h5 25. f3 Kh7 26. Bf2 Bh6 27. Be3 Bf4 28. Nf1
Rf8 29. Be2 Rad8 30. Rd3 Bxe3+ 31. Nxe3 Nf4 32. Ra3 Qf6 33. Bf1 h4 34. Kh1 Kh8
35. Ng4 Qe7 36. Ne3 Ne6 37. b4 cxb4 38. Qxb4 Nd4 39. Rad3 Bd7 40. Qb2 Be6 41.
Nc2 Bxc4 42. Rxd4 Bxf1 43. R4d2 Bxa6 44. Qa3 Bb5 45. Ne3 Kg7 46. Rxd6 Rf6 47.
R6d3 Qxa3 48. Rxa3 Rxd1+ 49. Nxd1 a5 50. Nc3 Bc4 51. Kg1 Rd6 0-1

[Event "Choc des Generations"]
[Site "Montreal CAN"]
[Date "2014.06.28"]
[Round "2"]
[White "Chiku-Ratte, Olivier-Kenta"]
[Black "Libersan, Thierry"]
[Result "0-1"]
[WhiteElo "2274"]
[BlackElo "2194"]
[PlyCount "56"]
[EventDate "2014.06.27"]
[EventType "schev"]
[EventRounds "5"]
[EventCountry "CAN"]

1. d4 d5 2. c4 c6 3. Nf3 e6 4. e3 Bd6 5. Bd3 f5 6. O-O Nf6 7. b3 Qe7 8. a4 O-O
9. a5 Bd7 10. Bb2 Be8 11. Qc2 Na6 12. c5 Bc7 13. Bxa6 bxa6 14. Qd3 Rb8 15. Ra3
Ne4 16. Qxa6 Rb5 17. Ne1 f4 18. exf4 Bxf4 19. g3 Be3 20. Nd3 Qf6 21. Bc1 Nxf2
22. Nf4 Nh3+ 23. Kh1 Bxc1 24. Rxc1 Nxf4 25. Rf1 Qxd4 26. gxf4 Bg6 27. f5 Bxf5
28. Ra4 Be4+ 0-1

[Event "Choc des Generations"]
[Site "Montreal CAN"]
[Date "2014.06.28"]
[Round "3"]
[White "Luksza, Arkadiusz"]
[Black "Chiku-Ratte, Olivier-Kenta"]
[Result "0-1"]
[WhiteElo "2173"]
[BlackElo "2274"]
[PlyCount "142"]
[EventDate "2014.06.27"]
[EventType "schev"]
[EventRounds "5"]
[EventCountry "CAN"]

1. d4 Nf6 2. c4 c5 3. d5 e6 4. Nc3 exd5 5. cxd5 d6 6. e4 g6 7. Nf3 Bg7 8. Be2
O-O 9. O-O Re8 10. Nd2 Nbd7 11. h3 g5 12. Nc4 Nxe4 13. Nxe4 Rxe4 14. Nxd6 Rd4
15. Qc2 Nb6 16. Nxc8 Rxc8 17. Be3 Rb4 18. Bg4 Rc7 19. Rad1 Bd4 20. b3 Nxd5 21.
Bd2 Rb5 22. a4 Nb4 23. Qf5 Rb6 24. Bxg5 Qd5 25. Qxd5 Nxd5 26. Bd8 Rxb3 27. Bxc7
Nxc7 28. Rb1 Rxb1 29. Rxb1 b6 30. Be2 Nd5 31. Rb3 Nc3 32. Bb5 Kf8 33. Kf1 Ke7
34. a5 f6 35. axb6 axb6 36. Bd3 Nd5 37. Bxh7 c4 38. Rb1 Nc3 39. Rb4 b5 40. h4
Bc5 41. Rb2 Kf7 42. Bf5 b4 43. h5 Kg7 44. Be6 Na4 45. Rb1 Nb6 46. Ke2 b3 47. g4
Na4 48. Kf1 Nc3 49. Rb2 Ba3 50. Rxb3 cxb3 51. Bxb3 Kh6 52. Kg2 Kg5 53. Bc2 Kxg4
54. h6 Bf8 55. h7 Bg7 56. Bd3 Nd5 57. Bc2 Nf4+ 58. Kf1 Kg5 59. Ke1 Kh6 60. Kd2
Ng6 61. Ke3 Kxh7 62. Ke4 Kh6 63. Kf5 Ne7+ 64. Ke6 Nc6 65. Bb1 Nd4+ 66. Kf7 f5
67. f4 Bh8 68. Kg8 Bf6 69. Kf7 Bd8 70. Ke8 Bc7 71. Kf7 Kh5 0-1

[Event "Choc des Generations"]
[Site "Montreal CAN"]
[Date "2014.06.29"]
[Round "4"]
[White "Chiku-Ratte, Olivier-Kenta"]
[Black "Tremblay, Rejean"]
[Result "0-1"]
[WhiteElo "2274"]
[BlackElo "2206"]
[PlyCount "114"]
[EventDate "2014.06.27"]
[EventType "schev"]
[EventRounds "5"]
[EventCountry "CAN"]

1. d4 Nf6 2. c4 e6 3. Nf3 Bb4+ 4. Bd2 c5 5. Bxb4 cxb4 6. a3 bxa3 7. Rxa3 O-O 8.
e3 b6 9. Bd3 Bb7 10. Nc3 d6 11. O-O Nbd7 12. Qe2 Qe7 13. Rfa1 a5 14. Rb3 Rab8
15. e4 e5 16. dxe5 dxe5 17. Nd5 Bxd5 18. cxd5 Nc5 19. Rc3 Ne8 20. Nd2 Nd6 21.
Nb3 Nxb3 22. Rxb3 Qg5 23. g3 Rfc8 24. h4 Qe7 25. Qe3 Qd8 26. Rc1 Rxc1+ 27. Qxc1
Rc8 28. Rc3 Rxc3 29. Qxc3 f6 30. f4 Qc8 31. Qc6 Qxc6 32. dxc6 Kf8 33. Kf2 Ke7
34. g4 h6 35. h5 Kd8 36. g5 Kc7 37. gxf6 gxf6 38. Ke3 Kxc6 39. fxe5 fxe5 40.
Kd2 Kc5 41. Kc3 Ne8 42. Be2 Nf6 43. Bf3 a4 44. Kd3 Kb4 45. Bd1 b5 46. Ke3 Nxh5
47. Bxh5 Kb3 48. Be8 Kxb2 49. Bxb5 a3 50. Bc4 a2 51. Bxa2 Kxa2 52. Kf3 Kb3 53.
Kg4 Kc4 54. Kh5 Kd4 55. Kxh6 Kxe4 56. Kg5 Kf3 57. Kf5 e4 0-1

[Event "Choc des Generations"]
[Site "Montreal CAN"]
[Date "2014.06.29"]
[Round "5"]
[White "Chiku-Ratte, Olivier-Kenta"]
[Black "Masse, Hugues"]
[Result "0-1"]
[WhiteElo "2274"]
[BlackElo "2266"]
[PlyCount "72"]
[EventDate "2014.06.27"]
[EventType "schev"]
[EventRounds "5"]
[EventCountry "CAN"]

1. d4 Nf6 2. c4 g6 3. Nc3 d5 4. cxd5 Nxd5 5. Bd2 Bg7 6. e4 Nxc3 7. Bxc3 O-O 8.
Qd2 c5 9. d5 e6 10. Bxg7 Kxg7 11. d6 e5 12. h4 h6 13. O-O-O Be6 14. Qc3 Qf6 15.
Nf3 Nc6 16. Bc4 Nd4 17. Kb1 Bxc4 18. Qxc4 Qxd6 19. Nxd4 exd4 20. g3 a6 21. h5
b5 22. Qe2 g5 23. e5 Qe6 24. f4 gxf4 25. gxf4 Qf5+ 26. Ka1 Rad8 27. Rhg1+ Kh7
28. Qg2 Rg8 29. Qc6 c4 30. Rxg8 Rxg8 31. Qxa6 c3 32. Qxb5 c2 33. Rc1 d3 34. Qd5
Rg4 35. Rf1 Rxf4 36. Re1 Rf1 0-1

[Event "Laval op"]
[Site "Laval CAN"]
[Date "2014.06.20"]
[Round "1"]
[White "Chiku-Ratte, Olivier-Kenta"]
[Black "Villeneuve, Robert"]
[Result "1-0"]
[WhiteElo "2176"]
[BlackElo "2045"]
[PlyCount "73"]
[EventDate "2014.06.20"]
[EventType "swiss"]
[EventRounds "5"]
[EventCountry "CAN"]

1. d4 Nf6 2. c4 g6 3. Nc3 d5 4. cxd5 Nxd5 5. e4 Nxc3 6. bxc3 Bg7 7. Nf3 c5 8.
Rb1 O-O 9. Be2 cxd4 10. cxd4 Qa5+ 11. Bd2 Qxa2 12. O-O Bg4 13. Bg5 h6 14. Be3
Nc6 15. d5 Ne5 16. h3 Nxf3+ 17. Bxf3 Bxf3 18. Qxf3 Qa6 19. Bf4 e6 20. Qb3 exd5
21. exd5 Rfd8 22. Rfd1 Rd7 23. Rd2 Rad8 24. Rbd1 b5 25. h4 Qb7 26. d6 a5 27.
Qe3 b4 28. Bxh6 a4 29. h5 b3 30. Bxg7 Kxg7 31. h6+ Kh7 32. Qd4 f6 33. Qxa4 b2
34. Rb1 Ra8 35. Qd4 Qc6 36. Qxb2 Kxh6 37. Qxf6 1-0

[Event "Laval op"]
[Site "Laval CAN"]
[Date "2014.06.21"]
[Round "2"]
[White "Jacquet, Stephane"]
[Black "Chiku-Ratte, Olivier-Kenta"]
[Result "0-1"]
[WhiteElo "2017"]
[BlackElo "2176"]
[PlyCount "90"]
[EventDate "2014.06.20"]
[EventType "swiss"]
[EventRounds "5"]
[EventCountry "CAN"]

1. d4 Nf6 2. c4 c5 3. d5 e6 4. Nc3 exd5 5. cxd5 d6 6. e4 g6 7. Bd3 Bg7 8. Nf3
a6 9. a4 Nbd7 10. O-O Nh5 11. Bg5 Bf6 12. Bh6 Bg7 13. Qd2 O-O 14. h3 Qe7 15. g4
Nhf6 16. Qg5 Re8 17. Bxg7 Kxg7 18. Rae1 h6 19. Qf4 g5 20. Qg3 Ne5 21. Nxe5 dxe5
22. Qe3 b6 23. f3 Rd8 24. Kf2 Nh7 25. Rh1 Nf8 26. h4 gxh4 27. g5 hxg5 28. Reg1
f6 29. Rxh4 Ng6 30. Rh2 Bd7 31. Rgh1 Rh8 32. Rxh8 Nxh8 33. b3 Ng6 34. Ne2 Nf4
35. Nxf4 exf4 36. Qe2 Qe5 37. Bxa6 Rh8 38. Rxh8 Kxh8 39. Bb5 Bh3 40. Kg1 Kg7
41. Kh2 g4 42. Qd1 g3+ 43. Kg1 Qc3 44. Bf1 Qe3+ 45. Kh1 Qf2 0-1

[Event "Laval op"]
[Site "Laval CAN"]
[Date "2014.06.21"]
[Round "3"]
[White "Chiku-Ratte, Olivier-Kenta"]
[Black "Nicula, Marius"]
[Result "1-0"]
[WhiteElo "2278"]
[BlackElo "2270"]
[PlyCount "73"]
[EventDate "2014.06.20"]
[EventType "swiss"]
[EventRounds "5"]
[EventCountry "CAN"]

1. d4 e6 2. c4 Nf6 3. Nf3 Bb4+ 4. Bd2 c5 5. Bxb4 cxb4 6. a3 bxa3 7. Rxa3 b6 8.
Nc3 d5 9. e3 O-O 10. Be2 Bb7 11. O-O Qe7 12. Qa4 dxc4 13. Qxc4 Rc8 14. Qa4 a6
15. Raa1 b5 16. Qb3 b4 17. Na4 Bd5 18. Qd1 Nbd7 19. Bd3 Ne4 20. Qe2 a5 21. Rfc1
f5 22. Bb5 Nef6 23. Nd2 Qd6 24. h3 Nb6 25. Nc5 e5 26. dxe5 Qxe5 27. Nd3 Qd6 28.
Rxc8+ Nxc8 29. Nf4 Bf7 30. Nc4 Qc7 31. Nd2 Nd6 32. Ba4 Nfe4 33. Nxe4 Nxe4 34.
Qb5 Rb8 35. Qxf5 Nc5 36. Rc1 Rc8 37. Nd3 1-0

[Event "Laval op"]
[Site "Laval CAN"]
[Date "2014.06.22"]
[Round "4"]
[White "Libersan, Thierry"]
[Black "Chiku-Ratte, Olivier-Kenta"]
[Result "0-1"]
[WhiteElo "2103"]
[BlackElo "2176"]
[PlyCount "96"]
[EventDate "2014.06.20"]
[EventType "swiss"]
[EventRounds "5"]
[EventCountry "CAN"]

1. c4 c5 2. Nf3 Nf6 3. g3 b6 4. Bg2 Bb7 5. O-O e6 6. Nc3 Be7 7. Re1 Ne4 8. Nxe4
Bxe4 9. d3 Bb7 10. Bd2 O-O 11. Rb1 d6 12. b4 cxb4 13. Bxb4 Nc6 14. Bc3 Bf6 15.
Bxf6 Qxf6 16. Nd2 Na5 17. Bxb7 Nxb7 18. Ne4 Qe7 19. Qa4 Rfc8 20. Rb5 f5 21. Nd2
Qf6 22. Qa3 Nc5 23. Reb1 e5 24. Qb2 f4 25. f3 h5 26. Kg2 fxg3 27. hxg3 h4 28.
Rh1 hxg3 29. Rh3 Kf7 30. Qc1 Qf4 31. Qe1 Rh8 32. Rxg3 Rh5 33. Nf1 Qh4 34. Rb1
Rah8 35. Kf2 Rg5 36. Kg2 Qh1+ 37. Kf2 Qh4 38. Kg2 Rgh5 39. Rg4 Qh3+ 40. Kg1 Rh4
41. Qg3 Rxg4 42. Qxg4 Qh1+ 43. Kf2 Rh6 44. Nd2 Qh2+ 45. Qg2 Qh4+ 46. Qg3 Qd4+
47. Ke1 Rh1+ 48. Nf1 Nxd3+ 0-1

[Event "Laval op"]
[Site "Laval CAN"]
[Date "2014.06.22"]
[Round "5"]
[White "Chiku-Ratte, Olivier-Kenta"]
[Black "Sprumont, Oscar"]
[Result "1/2-1/2"]
[WhiteElo "2176"]
[BlackElo "1937"]
[PlyCount "92"]
[EventDate "2014.06.20"]
[EventType "swiss"]
[EventRounds "5"]
[EventCountry "CAN"]

1. d4 Nf6 2. c4 g6 3. Nc3 d5 4. cxd5 Nxd5 5. e4 Nxc3 6. bxc3 Bg7 7. Nf3 c5 8.
Rb1 O-O 9. Be2 b6 10. O-O Bb7 11. Qd3 e6 12. Bg5 Qd6 13. Qe3 Rc8 14. Rfd1 Nd7
15. Bb5 Bc6 16. Ba6 Re8 17. h3 Qf8 18. Nd2 f5 19. e5 h6 20. Bf4 g5 21. Bh2 Qf7
22. f3 Rad8 23. Bd3 Bf8 24. g4 f4 25. Qe2 Nb8 26. Nb3 Ba4 27. Bb5 Bxb5 28. Qxb5
cxd4 29. cxd4 Qb7 30. Qd3 Kg7 31. Rbc1 Na6 32. Qe4 Qd5 33. h4 Ba3 34. Rc3 Bb4
35. Rcc1 Rd7 36. Qe2 Nc7 37. h5 Kg8 38. Qd3 Rg7 39. Rc4 a5 40. Rdc1 Qb7 41. Rc6
a4 42. Nd2 Bxd2 43. Qxd2 b5 44. Qa5 Ra8 45. Qb4 Rd8 46. Qa5 Ra8 1/2-1/2

[Event "McGill op"]
[Site "Montreal CAN"]
[Date "2014.05.02"]
[Round "1"]
[White "Nikulich, Oleksandr"]
[Black "Chiku-Ratte, Olivier-Kenta"]
[Result "1-0"]
[WhiteElo "2070"]
[BlackElo "2234"]
[PlyCount "91"]
[EventDate "2014.05.02"]
[EventType "swiss"]
[EventRounds "5"]
[EventCountry "CAN"]

1. e4 c5 2. Ne2 Nc6 3. d4 cxd4 4. Nxd4 Nf6 5. Nc3 d6 6. Bg5 e6 7. Qd2 Be7 8.
O-O-O d5 9. exd5 Nxd5 10. Nxc6 bxc6 11. Bxe7 Qxe7 12. Ne4 O-O 13. c4 Nb6 14.
Qd6 Qh4 15. f3 Ba6 16. b3 Rfd8 17. Qg3 Rxd1+ 18. Kxd1 Rd8+ 19. Kc2 Qe7 20. Qg5
f6 21. Qc5 Qxc5 22. Nxc5 Bc8 23. Bd3 Kf7 24. Be4 Nd7 25. Nxd7 Bxd7 26. Rd1 Ke7
27. c5 Be8 28. Rxd8 Kxd8 29. Kc3 Ke7 30. f4 g5 31. fxg5 fxg5 32. Bxh7 Kf6 33.
Kd4 e5+ 34. Ke3 Bd7 35. Be4 g4 36. g3 Ke7 37. b4 Ke6 38. a4 Be8 39. Bc2 Bd7 40.
Bb3+ Kf5 41. Bc4 Bc8 42. b5 Bb7 43. Bd3+ Ke6 44. Be4 Kd7 45. Bf5+ Kc7 46. Bxg4
1-0

[Event "McGill op"]
[Site "Montreal CAN"]
[Date "2014.05.03"]
[Round "2"]
[White "Chiku-Ratte, Olivier-Kenta"]
[Black "Bouchard, Jean-Marc"]
[Result "1-0"]
[WhiteElo "2234"]
[BlackElo "1943"]
[PlyCount "59"]
[EventDate "2014.05.02"]
[EventType "swiss"]
[EventRounds "5"]
[EventCountry "CAN"]

1. d4 e6 2. c4 d5 3. Nc3 f5 4. g3 Nf6 5. Bg2 c6 6. Nh3 Bd6 7. O-O O-O 8. Bf4
Ne4 9. f3 Nxc3 10. bxc3 dxc4 11. e4 Na6 12. Qe2 b5 13. a4 Nc7 14. axb5 Bxf4 15.
Nxf4 cxb5 16. exf5 exf5 17. Qe5 Re8 18. Qc5 Qe7 19. Qc6 Qd7 20. Qc5 a6 21. d5
Bb7 22. Rad1 Re5 23. Qd4 Qd6 24. Rfe1 Rae8 25. Rxe5 Rxe5 26. Qa7 Bxd5 27. Nxd5
Rxd5 28. Qb8+ Kf7 29. Rxd5 Nxd5 30. Qxd6 1-0

[Event "McGill op"]
[Site "Montreal CAN"]
[Date "2014.05.03"]
[Round "3"]
[White "Zhu, Hong Rui"]
[Black "Chiku-Ratte, Olivier-Kenta"]
[Result "0-1"]
[WhiteElo "2056"]
[BlackElo "2234"]
[PlyCount "126"]
[EventDate "2014.05.02"]
[EventType "swiss"]
[EventRounds "5"]
[EventCountry "CAN"]

1. e4 c5 2. Ne2 d6 3. g3 g6 4. Bg2 Bg7 5. c3 e6 6. d4 cxd4 7. cxd4 Ne7 8. Nbc3
O-O 9. O-O a6 10. Bg5 h6 11. Be3 b6 12. Rc1 Bb7 13. Qb3 Nd7 14. Rfd1 Rc8 15.
Bf4 Nb8 16. Qa3 d5 17. Bd6 Re8 18. Bxe7 Rxe7 19. exd5 exd5 20. Nf4 Re8 21.
Nfxd5 Bxd5 22. Bxd5 Qd7 23. Qb3 b5 24. Bg2 Bxd4 25. Bh3 Qxh3 26. Rxd4 Nc6 27.
Rh4 Qe6 28. Qxe6 Rxe6 29. Nd5 Kg7 30. Kg2 g5 31. Rd4 Rd8 32. Rdd1 Ne5 33. Nc7
Rc6 34. Rxd8 Rxc1 35. Nxa6 g4 36. h3 h5 37. hxg4 hxg4 38. Rd4 f5 39. Rf4 Nf3
40. Rxf3 gxf3+ 41. Kxf3 Rc2 42. b4 Kf6 43. Nb8 Rc3+ 44. Kg2 Ke6 45. Na6 Kd5 46.
f3 Rc2+ 47. Kh3 Rxa2 48. Nc7+ Kc4 49. Kh4 Rf2 50. f4 Kxb4 51. Kg5 Kc4 52. Ne8
b4 53. Nd6+ Kc5 54. Nxf5 Re2 55. g4 b3 56. Ng3 Re1 57. f5 b2 58. Nh5 b1=Q 59.
Kg6 Rg1 60. Nf6 Qd3 61. Kg5 Kd6 62. Kg6 Ke5 63. Kg5 Qxf5+ 0-1